Every Little Mix Song Ever - Statistics

General Stats
  • This quiz has been taken 2,938 times
    2,419 since last reset
  • The average score is 61 of 117
Answer Stats
Album Title % Correct
DNA DNA
95%
Salute Salute
92%
Glory Days (Platinum) Shout Out to My Ex
89%
DNA Wings
88%
Get Weird Black Magic
87%
Between Us No
87%
Confetti Confetti
86%
LM5 Woman Like Me
82%
Glory Days (Platinum) Power
81%
Glory Days (Platinum) Touch
81%
Get Weird Secret Love Song
80%
Get Weird Hair
77%
Between Us Between Us
76%
Glory Days (Platinum) No More Sad Songs
74%
LM5 Wasabi
74%
Salute Move
73%
Single Cannonball
72%
Get Weird Love Me Like You
72%
DNA Change Your Life
71%
Salute Little Me
71%
Confetti Sweet Melody
70%
LM5 Strip
67%
Get Weird Weird People
67%
Confetti Holiday
65%
LM5 Think About Us
65%
Confetti Break Up Song
64%
DNA How Ya Doin?
64%
LM5 Joan of Arc
63%
Get Weird Love Me Or Leave Me
63%
Get Weird ADIDAS
62%
Single Word Up!
61%
Salute Boy
60%
LM5 (Deluxe) Only You
60%
Glory Days (Platinum) Oops
60%
Single Bounce Back
59%
Between Us Trash
59%
LM5 American Boy
58%
Between Us Cut You Off
57%
Confetti Gloves Up
57%
LM5 The Cure
57%
Glory Days (Platinum) FU
56%
Single Heartbreak Anthem
56%
Get Weird Lightning
56%
Salute Towers
56%
LM5 (Deluxe) Woman's World
56%
Confetti Happiness
55%
Confetti Not a Pop Song
55%
DNA Red Planet
55%
Get Weird The End
55%
Glory Days (Platinum) Beep Beep
54%
Get Weird I Love You
54%
LM5 Motivate
54%
LM5 Told You So
54%
Salute About the Boy
53%
Between Us Love (Sweet Love)
53%
LM5 The National Manthem
53%
LM5 Notice
52%
Glory Days (Platinum) Reggaeton Lento
52%
Salute These Four Walls
52%
Glory Days (Platinum) Down and Dirty
51%
Salute Good Enough
51%
Get Weird Grown
51%
LM5 Monster in Me
51%
LM5 More than Words
51%
DNA Always Be Together
49%
Confetti Breathe
49%
Glory Days (Platinum) Freak
49%
Glory Days (Platinum) Nothing Else Matters
49%
Get Weird (Deluxe) The Beginning
49%
LM5 (Deluxe) Forget You Not
48%
Glory Days (Platinum) Is Your Love Enough?
48%
Glory Days (Platinum) Nobody Like You
48%
Glory Days (Platinum) Private Show
48%
Get Weird (Deluxe) Secret Love Song Pt 2
48%
Glory Days (Platinum) Your Love
48%
Confetti Rendezvous
47%
DNA Turn Your Face
47%
DNA Madhouse
46%
LM5 Love a Girl Right
45%
Glory Days (Platinum) You Gotta Not
45%
Glory Days (Platinum) Dear Lover
44%
DNA (Deluxe) Case Closed
43%
Salute Competition
43%
Confetti My Love Won't Let You Down
43%
Get Weird OMG
43%
DNA Stereo Soldier
43%
Glory Days (Platinum) If I Get My Way
42%
Single No Time For Tears
42%
Get Weird (Deluxe) Clued Up
41%
Salute Mr. Loverboy
41%
DNA Pretend It's OK
41%
DNA We Are Who We Are
41%
Confetti Nothing But My Feelings
40%
DNA Going Nowhere
39%
Confetti If You Want My Love
39%
Single One I've Been Missing
39%
Salute A Different Beat
38%
Confetti A Mess (Happy 4 U)
38%
DNA (Deluxe) Love Drunk
38%
Salute (Deluxe) They Just Don't Know You
38%
Get Weird (Deluxe) I Wont
37%
Salute Nothing Feels Like You
37%
Salute (Deluxe) Stand Down
36%
Salute (Deluxe) See Me Now
34%
DNA (Deluxe) Make You Believe
32%
LM5 (Deluxe) The Cure (Stripped)
30%
DNA (US) We Are Young
24%
DNA (Deluxe) DNA Unplugged
20%
Salute (Deluxe) Little Me (unplugged)
19%
Glory Days (Platinum) Touch (Acoustic)
18%
Glory Days (Platinum) Power (Stormzy)
16%
Single Dreamin Together
15%
Glory Days (Platinum) No More Sad Songs (Machine Gun Kelly)
14%
Glory Days (Platinum) Touch (Kid Ink)
14%
Single Une Autre Personne
14%
Glory Days (Platinum) Shout Out to My Ex (acoustic)
13%
Glory Days (Platinum) No More Sad Songs (Acoustic)
11%
No matching quizzes found
Score Distribution
Percent of People with Each Score
Percentile by Number Answered
Your Score History
You have not taken this quiz since the last reset